00000000nas##2200000za#4500
0019.506776
003CaOODSP
00520200325125238
007cr |||||||||||
008150406c2000||||xxc|| p o||||f|   |0eng|d
022 |a1492-8000
040 |aCaOODSP|beng
043 |an-cn---
0861 |aNE12-5E-PDF
1101 |aCanada. |bNational Energy Board.
24514|aThe ERF connection : |h[electronic resource]|bthe electronic regulatory filing newsletter
2461 |aERF connection
260 |aCalgary - Alberta : |bNational Energy Board |cc2000-[2001?].
310 |aQuarterly
3621 |aNo. 1 (Summer 2000) -
500 |aCeased with no. 3 (winter 2001).
77508|tLa liaison SDÉ : |w(CaOODSP)9.503171
7760#|tThe ERF Connection |w(CaOODSP)9.514293